| 000 | 00494nam a2200145 a 4500 | ||
|---|---|---|---|
| 008 | 120416s0000 ||||||||||||||||| || u | ||
| 020 | _a0132990997 | ||
| 050 | _aHF 5549 Tor | ||
| 100 | _aTorrington, Derek | ||
| 245 | 1 | 0 | _aFace-to-face in management |
| 260 |
_aLondon _bFT Prentice-Hall _c1982 |
||
| 300 | _aix, 198p. : ill | ||
| 350 | _a0.00 | ||
| 995 |
_D0.00 _FCBU-MAIN LIBRARY (Kitwe) _H1 _I13.95 _M1 _UDAMAGED _ZMain Library Open Access Collection |
||
| 999 |
_c43055 _d43055 |
||